[Event "RUS-chTW Premier 2019"]
[Site "Sochi"]
[Date "2019.05.05"]
[Round "5.9"]
[White "Schepetkova, Margarita"]
[Black "Nasybullina, Alfia"]
[Result "1-0"]
[WhiteElo "2224"]
[BlackElo "2065"]
[Annotator "NA"]
[PlyCount "119"]
[EventDate "2019.05.01"]
[EventType "team-tourn"]
[EventCountry "RUS"]
[SourceTitle "playchess.com"]
[Source "ChessBase"]
[SourceQuality "1"]
[TimeControl "40/5400+30:1800+30"]

1. d4 {[%emt 0:00:00]} Nf6 {[%emt 0:00:00]} 2. c4 {[%emt 0:00:00]} e6 {[%emt 0:00:00]} 3. g3 {[%emt 0:00:00]} d5 {[%emt 0:00:00]} 4. Bg2 {[%emt 0:00:00]} dxc4 {[%emt 0:00:02]} 5. Nf3 {[%emt 0:00:04]} Bd7 {[%emt 0:00:07]} 6. Ne5 {[%emt 0:01:54]} Bc6 {[%emt 0:00:07]} 7. Nxc6 {[%emt 0:00:08]} Nxc6 {[%emt 0:00:06]} 8. O-O {[%emt 0:00:44]} Qd7 {[%emt 0:00:49]} 9. e3 {[%emt 0:01:53]} Rd8 {[%emt 0:02:42]} 10. Qa4 {[%emt 0:00:34]} e5 {[%emt 0:01:30]} 11. Qxc4 {[%emt 0:03:47]} exd4 {[%emt 0:01:43]} 12. Qb5 {[%emt 0:00:30]} Rb8 {[%emt 0:01:56]} 13. Rd1 {[%emt 0:00:25]} a6 {[%emt 0:00:37]} 14. Qf1 {[%emt 0:01:23]} Be7 {[%emt 0:01:15]} 15. exd4 {[%emt 0:01:11]} Nxd4 {[%emt 0:02:48]} 16. Be3 {[%emt 0:05:41]} c5 {[%emt 0:00:28]} 17. Nc3 {[%emt 0:16:04]} O-O {[%emt 0:01:11]} 18. Bxd4 {[%emt 0:05:36]} cxd4 {[%emt 0:00:58]} 19. Nd5 {[%emt 0:01:20]} Nxd5 {[%emt 0:01:34]} 20. Rxd4 {[%emt 0:00:04]} Rfd8 {[%emt 0:04:53]} 21. Rxd5 {[%emt 0:03:37]} Qc7 {[%emt 0:00:20]} 22. Rc1 {[%emt 0:03:10]} Qb6 {[%emt 0:00:09]} 23. Qe2 {[%emt 0:00:35]} Bf6 {[%emt 0:02:36]} 24. b3 {[%emt 0:04:40]} h6 {[%emt 0:03:19]} 25. Qg4 {[%emt 0:05:20]} Bd4 {[%emt 0:10:29]} 26. Qf4 {[%emt 0:04:03]} g5 {[%emt 0:17:20]} 27. Qf5 {[%emt 0:00:25]} Qf6 {[%emt 0:04:56]} 28. Rc7 {[%emt 0:10:32]} b6 {[%emt 0:06:40]} 29. Qxf6 {[%emt 0:01:57]} Bxf6 {[%emt 0:00:09]} 30. Rf5 {[%emt 0:00:33]} Rd6 {[%emt 0:04:40]} 31. Bd5 {[%emt 0:00:27]} Rf8 {[%emt 0:00:06]} 32. Kg2 {[%emt 0:00:48]} a5 {[%emt 0:01:09]} 33. g4 {[%emt 0:02:15]} Kg7 {[%emt 0:00:13]} 34. a4 {[%emt 0:07:43]} Kg6 {[%emt 0:03:02]} 35. Rb7 {[%emt 0:01:31]} Kg7 {[%emt 0:00:42]} 36. h3 {[%emt 0:03:17]} Kg6 {[%emt 0:00:12]} 37. f4 {[%emt 0:03:33]} gxf4 {[%emt 0:09:52]} 38. h4 {[%emt 0:02:36]} Bxh4 {[%emt 0:08:52]} 39. Bxf7+ {[%emt 0:00:38]} Rxf7 {[%emt 0:00:05]} 40. Rfxf7 {[%emt 0:00:00]} Bf6 {[%emt 0:00:00]} 41. Rfd7 {[%emt 0:02:18]} Rc6 {[%emt 0:07:03]} 42. Rd3 {[%emt 0:00:32]} Bb2 {[%emt 0:06:11]} 43. Kf3 {[%emt 0:00:35]} Rf6 {[%emt 0:02:21]} 44. Rbd7 {[%emt 0:02:02]} Ba3 {[%emt 0:00:17]} 45. R3d5 {[%emt 0:01:52]} Bc5 {[%emt 0:01:03]} 46. Re5 {[%emt 0:00:28]} Rc6 {[%emt 0:02:07]} 47. Rd3 {[%emt 0:01:02]} Be3 {[%emt 0:00:41]} 48. Red5 {[%emt 0:00:04]} Rf6 {[%emt 0:10:14]} 49. Rd6 {[%emt 0:00:24]} Kg7 {[%emt 0:00:20]} 50. Rxf6 {[%emt 0:00:12]} Kxf6 {[%emt 0:00:04]} 51. Rd6+ {[%emt 0:00:07]} Kg7 {[%emt 0:00:07]} 52. Ke4 {[%emt 0:00:08]} Kh7 {[%emt 0:00:07]} 53. Kf5 {[%emt 0:00:19]} Kg7 {[%emt 0:01:08]} 54. Rd7+ {[%emt 0:00:25]} Kf8 {[%emt 0:00:17]} 55. Kg6 {[%emt 0:00:55]} Bc1 {[%emt 0:01:31]} 56. Kxh6 {[%emt 0:01:14]} Ke8 {[%emt 0:00:05]} 57. Rd1 {[%emt 0:00:20]} Be3 {[%emt 0:00:05]} 58. Kg6 {[%emt 0:00:04]} Kf8 {[%emt 0:00:23]} 59. Kf5 {[%emt 0:00:06]} Kf7 {[%emt 0:01:43]} 60. Rf1 {[%emt 0:00:08]} 1-0

[Event "RUS-chTW Premier 2019"]
[Site "Sochi"]
[Date "2019.05.05"]
[Round "5.10"]
[White "Mukhina, Jana"]
[Black "Trapeznikova, Darya"]
[Result "1/2-1/2"]
[WhiteElo "2098"]
[BlackElo "2090"]
[Annotator "NA"]
[PlyCount "155"]
[EventDate "2019.05.01"]
[EventType "team-tourn"]
[EventCountry "RUS"]
[SourceTitle "playchess.com"]
[Source "ChessBase"]
[SourceQuality "1"]
[TimeControl "40/5400+30:1800+30"]

1. e4 {[%emt 0:00:00]} e5 {[%emt 0:00:00]} 2. Nf3 {[%emt 0:00:00]} Nc6 {[%emt 0:00:00]} 3. d4 {[%emt 0:00:00]} exd4 {[%emt 0:00:06]} 4. Nxd4 {[%emt 0:00:05]} Bb4+ {[%emt 0:01:40]} 5. c3 {[%emt 0:00:20]} Bc5 {[%emt 0:00:05]} 6. Be3 {[%emt 0:00:05]} Bb6 {[%emt 0:00:11]} 7. Qg4 {[%emt 0:00:08]} Qf6 {[%emt 0:04:00]} 8. Qg3 {[%emt 0:00:07]} Nxd4 {[%emt 0:16:39]} 9. Bxd4 {[%emt 0:05:30]} Bxd4 {[%emt 0:00:34]} 10. cxd4 {[%emt 0:00:02]} Ne7 {[%emt 0:08:28]} 11. Nc3 {[%emt 0:01:03]} a6 {[%emt 0:10:27]} 12. Qxc7 {[%emt 0:07:28]} Qxd4 {[%emt 0:07:22]} 13. Rd1 {[%emt 0:11:37]} Qa7 {[%emt 0:03:42]} 14. Qe5 {[%emt 0:02:40]} f6 {[%emt 0:05:32]} 15. Qh5+ {[%emt 0:00:15]} Ng6 {[%emt 0:01:04]} 16. Bc4 {[%emt 0:02:25]} b5 {[%emt 0:02:19]} 17. Bb3 {[%emt 0:01:45]} Bb7 {[%emt 0:01:21]} 18. O-O {[%emt 0:01:16]} O-O-O {[%emt 0:03:50]} 19. a4 {[%emt 0:04:05]} b4 {[%emt 0:03:53]} 20. Nd5 {[%emt 0:03:31]} Ne5 {[%emt 0:03:51]} 21. a5 {[%emt 0:04:06]} Bxd5 {[%emt 0:02:15]} 22. Bxd5 {[%emt 0:02:44]} Kb8 {[%emt 0:00:28]} 23. Qe2 {[%emt 0:07:05]} Rc8 {[%emt 0:00:40]} 24. Kh1 {[%emt 0:01:03]} Rc5 {[%emt 0:01:18]} 25. Qd2 {[%emt 0:07:10]} Rb5 {[%emt 0:05:06]} 26. Rc1 {[%emt 0:00:38]} Rc8 {[%emt 0:00:52]} 27. Rxc8+ {[%emt 0:01:37]} Kxc8 {[%emt 0:00:04]} 28. Rc1+ {[%emt 0:00:11]} Rc5 {[%emt 0:00:53]} 29. Rd1 {[%emt 0:04:05]} Ng4 {[%emt 0:03:12]} 30. h3 {[%emt 0:01:13]} Rxd5 {[%emt 0:02:03]} 31. Rc1+ {[%emt 0:13:27]} Rc5 {[%emt 0:00:05]} 32. hxg4 {[%emt 0:00:14]} Rxc1+ {[%emt 0:00:58]} 33. Qxc1+ {[%emt 0:00:16]} Qc7 {[%emt 0:00:17]} 34. Qa1 {[%emt 0:03:00]} Qc5 {[%emt 0:06:05]} 35. f3 {[%emt 0:02:40]} Kc7 {[%emt 0:01:47]} 36. b3 {[%emt 0:03:03]} Qc3 {[%emt 0:01:01]} 37. Qg1 {[%emt 0:00:44]} Qc6 {[%emt 0:04:39]} 38. Qa7+ {[%emt 0:00:30]} Kc8 {[%emt 0:01:02]} 39. g3 {[%emt 0:12:29]} Qb5 {[%emt 0:00:49]} 40. Qa8+ {[%emt 0:00:00]} Kc7 {[%emt 0:00:00]} 41. Qa7+ {[%emt 0:01:18]} Kd6 {[%emt 0:00:35]} 42. Qa8 {[%emt 0:01:45]} Qxa5 {[%emt 0:06:51]} 43. Qf8+ {[%emt 0:00:34]} Kc7 {[%emt 0:00:07]} 44. Qf7 {[%emt 0:06:59]} Qb5 {[%emt 0:05:53]} 45. Kg2 {[%emt 0:09:02]} a5 {[%emt 0:01:27]} 46. e5 {[%emt 0:07:38]} Qxe5 {[%emt 0:01:25]} 47. Qc4+ {[%emt 0:00:17]} Kb6 {[%emt 0:00:58]} 48. Qg8 {[%emt 0:04:38]} Qb2+ {[%emt 0:07:22]} 49. Kh3 {[%emt 0:00:38]} Qc3 {[%emt 0:01:10]} 50. Qb8+ {[%emt 0:01:31]} Kc6 {[%emt 0:00:21]} 51. Qc8+ {[%emt 0:01:11]} Kd6 {[%emt 0:00:09]} 52. Qf8+ {[%emt 0:00:20]} Kc7 {[%emt 0:02:18]} 53. Qa8 {[%emt 0:01:13]} Qxb3 {[%emt 0:00:39]} 54. Qxa5+ {[%emt 0:00:18]} Kd6 {[%emt 0:00:11]} 55. Qb6+ {[%emt 0:00:20]} Ke7 {[%emt 0:00:35]} 56. Qc5+ {[%emt 0:00:44]} Ke6 {[%emt 0:03:18]} 57. f4 {[%emt 0:00:28]} Qd5 {[%emt 0:00:26]} 58. f5+ {[%emt 0:00:10]} Ke5 {[%emt 0:00:02]} 59. Qe7+ {[%emt 0:00:22]} Kd4 {[%emt 0:00:06]} 60. Qxb4+ {[%emt 0:00:06]} Kd3 {[%emt 0:01:45]} 61. Qb1+ {[%emt 0:01:03]} Kc4 {[%emt 0:01:20]} 62. Qa2+ {[%emt 0:00:38]} Kc5 {[%emt 0:00:26]} 63. Qa5+ {[%emt 0:00:27]} Kd6 {[%emt 0:00:21]} 64. Qb4+ {[%emt 0:00:59]} Kc7 {[%emt 0:00:21]} 65. Qf4+ {[%emt 0:00:28]} Kd8 {[%emt 0:00:32]} 66. Kh2 {[%emt 0:00:40]} Qe5 {[%emt 0:00:49]} 67. Qb4 {[%emt 0:00:32]} Ke8 {[%emt 0:01:23]} 68. Qc4 {[%emt 0:00:28]} d5 {[%emt 0:01:42]} 69. Qc8+ {[%emt 0:00:10]} Ke7 {[%emt 0:00:01]} 70. Qb7+ {[%emt 0:00:24]} Kd6 {[%emt 0:00:21]} 71. Qb6+ {[%emt 0:00:23]} Kd7 {[%emt 0:00:05]} 72. Qb7+ {[%emt 0:00:04]} Kd8 {[%emt 0:00:42]} 73. Qa8+ {[%emt 0:01:12]} Kc7 {[%emt 0:00:32]} 74. Qa5+ {[%emt 0:00:45]} Kc6 {[%emt 0:00:28]} 75. Qa6+ {[%emt 0:00:13]} Kc5 {[%emt 0:00:20]} 76. Qa5+ {[%emt 0:00:22]} Kc4 {[%emt 0:01:00]} 77. Qa4+ {[%emt 0:00:14]} Kc5 {[%emt 0:02:09]} 78. Qa5+ {[%emt 0:00:19]} 1/2-1/2

[Event "RUS-chTW Premier 2019"]
[Site "Sochi"]
[Date "2019.05.05"]
[Round "5.11"]
[White "Chan, Naruna"]
[Black "Mironenko, Galina"]
[Result "1/2-1/2"]
[WhiteElo "1985"]
[BlackElo "1901"]
[Annotator "NA"]
[PlyCount "123"]
[EventDate "2019.05.01"]
[EventType "team-tourn"]
[EventCountry "RUS"]
[SourceTitle "playchess.com"]
[Source "ChessBase"]
[SourceQuality "1"]
[TimeControl "40/5400+30:1800+30"]

1. e4 {[%emt 0:00:00]} e6 {[%emt 0:00:00]} 2. d4 {[%emt 0:00:00]} d5 {[%emt 0:00:00]} 3. Nc3 {[%emt 0:01:58]} Bb4 {[%emt 0:00:00]} 4. e5 {[%emt 0:05:14]} Ne7 {[%emt 0:00:00]} 5. a3 {[%emt 0:00:40]} Bxc3+ {[%emt 0:00:00]} 6. bxc3 {[%emt 0:00:04]} c5 {[%emt 0:00:04]} 7. Qg4 {[%emt 0:03:57]} Qc7 {[%emt 0:18:41]} 8. Qxg7 {[%emt 0:08:24]} Rg8 {[%emt 0:00:08]} 9. Qxh7 {[%emt 0:01:15]} cxd4 {[%emt 0:00:09]} 10. Ne2 {[%emt 0:00:32]} dxc3 {[%emt 0:14:10]} 11. f4 {[%emt 0:01:45]} Na6 {[%emt 0:13:03]} 12. Qd3 {[%emt 0:04:32]} Bd7 {[%emt 0:03:16]} 13. Qxc3 {[%emt 0:04:19]} Rc8 {[%emt 0:03:54]} 14. Qxc7 {[%emt 0:04:57]} Rxc7 {[%emt 0:00:06]} 15. Nd4 {[%emt 0:00:09]} Nf5 {[%emt 0:04:49]} 16. Nxf5 {[%emt 0:16:47]} exf5 {[%emt 0:00:08]} 17. Bd3 {[%emt 0:12:01]} Rxg2 {[%emt 0:01:25]} 18. Be3 {[%emt 0:00:32]} Nc5 {[%emt 0:01:54]} 19. Bxc5 {[%emt 0:00:30]} Rxc5 {[%emt 0:00:06]} 20. O-O-O {[%emt 0:01:09]} Rc6 {[%emt 0:04:23]} 21. Rd2 {[%emt 0:09:10]} Rg4 {[%emt 0:04:45]} 22. Rf1 {[%emt 0:02:48]} Rh4 {[%emt 0:03:42]} 23. Rff2 {[%emt 0:06:09]} Ke7 {[%emt 0:04:13]} 24. Rd1 {[%emt 0:03:24]} Rch6 {[%emt 0:03:15]} 25. Rdd2 {[%emt 0:03:04]} Rc6 {[%emt 0:04:34]} 26. Bf1 {[%emt 0:01:38]} Rc5 {[%emt 0:01:25]} 27. Rd3 {[%emt 0:01:23]} Bc6 {[%emt 0:01:57]} 28. Rh3 {[%emt 0:00:27]} Rxh3 {[%emt 0:01:34]} 29. Bxh3 {[%emt 0:00:03]} Rc3 {[%emt 0:01:01]} 30. Bxf5 {[%emt 0:00:10]} Rxa3 {[%emt 0:00:06]} 31. h4 {[%emt 0:00:17]} Ra1+ {[%emt 0:00:08]} 32. Kb2 {[%emt 0:03:28]} Rh1 {[%emt 0:00:07]} 33. c3 {[%emt 0:04:19]} Rxh4 {[%emt 0:00:37]} 34. Bc2 {[%emt 0:00:59]} Ke6 {[%emt 0:00:51]} 35. Bb3 {[%emt 0:00:39]} f6 {[%emt 0:03:33]} 36. exf6 {[%emt 0:00:34]} Kxf6 {[%emt 0:00:08]} 37. Bc2 {[%emt 0:00:20]} Bd7 {[%emt 0:01:00]} 38. Bb3 {[%emt 0:00:49]} Be6 {[%emt 0:00:37]} 39. Rd2 {[%emt 0:00:18]} Rh5 {[%emt 0:03:42]} 40. Rd4 {[%emt 0:00:00]} Ke7 {[%emt 0:00:00]} 41. Ka3 {[%emt 0:12:11]} Kd6 {[%emt 0:04:58]} 42. Kb4 {[%emt 0:00:27]} Kc6 {[%emt 0:00:46]} 43. Ba4+ {[%emt 0:01:22]} Kb6 {[%emt 0:01:25]} 44. Bd1 {[%emt 0:01:40]} a5+ {[%emt 0:01:44]} 45. Kb3 {[%emt 0:00:44]} Rh3 {[%emt 0:00:57]} 46. Kb2 {[%emt 0:02:12]} Kc5 {[%emt 0:01:13]} 47. Rd2 {[%emt 0:02:58]} Rh6 {[%emt 0:05:16]} 48. Bc2 {[%emt 0:02:14]} Rf6 {[%emt 0:01:22]} 49. f5 {[%emt 0:03:41]} Bd7 {[%emt 0:02:05]} 50. Rg2 {[%emt 0:02:04]} b5 {[%emt 0:02:51]} 51. Rg6 {[%emt 0:01:06]} Rxg6 {[%emt 0:04:21]} 52. fxg6 {[%emt 0:00:13]} Be6 {[%emt 0:00:04]} 53. Bd3 {[%emt 0:00:59]} Bg8 {[%emt 0:00:36]} 54. Bf5 {[%emt 0:01:36]} Kd6 {[%emt 0:00:34]} 55. Ka3 {[%emt 0:00:33]} Kc5 {[%emt 0:01:40]} 56. Bd7 {[%emt 0:00:42]} b4+ {[%emt 0:00:15]} 57. Kb2 {[%emt 0:00:09]} Kd6 {[%emt 0:00:55]} 58. Ba4 {[%emt 0:00:45]} Ke5 {[%emt 0:00:56]} 59. cxb4 {[%emt 0:00:12]} axb4 {[%emt 0:00:05]} 60. Kb3 {[%emt 0:00:03]} Kf6 {[%emt 0:00:13]} 61. Kxb4 {[%emt 0:00:11]} Kxg6 {[%emt 0:00:11]} 62. Kc5 {[%emt 0:00:10]} 1/2-1/2

[Event "RUS-chTW Premier 2019"]
[Site "Sochi"]
[Date "2019.05.05"]
[Round "5.12"]
[White "Filippova, Darya"]
[Black "Azimova, Karina"]
[Result "1-0"]
[WhiteElo "2070"]
[BlackElo "2072"]
[Annotator "NA"]
[PlyCount "47"]
[EventDate "2019.05.01"]
[EventType "team-tourn"]
[EventCountry "RUS"]
[SourceTitle "playchess.com"]
[Source "ChessBase"]
[SourceQuality "1"]
[TimeControl "40/5400+30:1800+30"]

1. c4 {[%emt 0:00:00]} e5 {[%emt 0:00:00]} 2. Nc3 {[%emt 0:00:00]} d6 {[%emt 0:00:06]} 3. g3 {[%emt 0:00:15]} f5 {[%emt 0:00:06]} 4. d4 {[%emt 0:00:23]} Be7 {[%emt 0:00:06]} 5. Nd5 {[%emt 0:05:50]} Nf6 {[%emt 0:02:55]} 6. Nxe7 {[%emt 0:01:41]} Qxe7 {[%emt 0:00:05]} 7. Bg2 {[%emt 0:01:01]} O-O {[%emt 0:03:05]} 8. e3 {[%emt 0:05:41]} f4 {[%emt 0:19:00]} 9. gxf4 {[%emt 0:21:20]} exf4 {[%emt 0:01:11]} 10. h3 {[%emt 0:00:21]} Nc6 {[%emt 0:11:15]} 11. Ne2 {[%emt 0:04:19]} Nh5 {[%emt 0:17:15]} 12. Bf3 {[%emt 0:07:53]} fxe3 {[%emt 0:01:37]} 13. Bd5+ {[%emt 0:00:12]} Kh8 {[%emt 0:03:39]} 14. Bxe3 {[%emt 0:00:08]} Bf5 {[%emt 0:02:19]} 15. Qd2 {[%emt 0:02:53]} Be4 {[%emt 0:01:46]} 16. Bxe4 {[%emt 0:03:04]} Qxe4 {[%emt 0:00:01]} 17. O-O-O {[%emt 0:00:16]} a5 {[%emt 0:01:44]} 18. Rhg1 {[%emt 0:04:10]} Qf3 {[%emt 0:11:21]} 19. Nc3 {[%emt 0:03:12]} a4 {[%emt 0:00:58]} 20. Rg4 {[%emt 0:04:34]} Nb4 {[%emt 0:06:17]} 21. Rdg1 {[%emt 0:03:10]} Rf7 {[%emt 0:02:13]} 22. Ne4 {[%emt 0:02:45]} Nf4 {[%emt 0:03:48]} 23. Ng5 {[%emt 0:06:32]} Ne2+ {[%emt 0:05:47]} 24. Kd1 {[%emt 0:00:08]} 1-0

[Event "RUS-chTW Premier 2019"]
[Site "Sochi"]
[Date "2019.05.05"]
[Round "5.13"]
[White "Badelka, Olga"]
[Black "Ambartsumova, Karina"]
[Result "1-0"]
[WhiteElo "2383"]
[BlackElo "2364"]
[Annotator "NA"]
[PlyCount "145"]
[EventDate "2019.05.01"]
[EventType "team-tourn"]
[EventCountry "RUS"]
[SourceTitle "playchess.com"]
[Source "ChessBase"]
[SourceQuality "1"]
[TimeControl "40/5400+30:1800+30"]

1. d4 {[%emt 0:00:00]} Nf6 {[%emt 0:00:00]} 2. c4 {[%emt 0:00:00]} e6 {[%emt 0:00:10]} 3. Nc3 {[%emt 0:00:00]} d5 {[%emt 0:00:10]} 4. cxd5 {[%emt 0:00:06]} exd5 {[%emt 0:00:05]} 5. Bg5 {[%emt 0:00:06]} c6 {[%emt 0:00:42]} 6. e3 {[%emt 0:00:17]} Be7 {[%emt 0:00:25]} 7. Qc2 {[%emt 0:00:24]} Nbd7 {[%emt 0:00:47]} 8. Bd3 {[%emt 0:00:51]} h6 {[%emt 0:00:45]} 9. Bh4 {[%emt 0:01:35]} Nh5 {[%emt 0:00:47]} 10. Bxe7 {[%emt 0:00:16]} Qxe7 {[%emt 0:00:07]} 11. Nf3 {[%emt 0:02:07]} Nf4 {[%emt 0:09:57]} 12. O-O {[%emt 0:01:05]} Nxd3 {[%emt 0:00:20]} 13. Qxd3 {[%emt 0:00:04]} O-O {[%emt 0:05:31]} 14. Rac1 {[%emt 0:06:12]} Nf6 {[%emt 0:06:05]} 15. Ne5 {[%emt 0:08:35]} Re8 {[%emt 0:18:12]} 16. a3 {[%emt 0:01:18]} Nd7 {[%emt 0:04:18]} 17. Nf3 {[%emt 0:01:47]} Nf6 {[%emt 0:00:24]} 18. b4 {[%emt 0:03:41]} a5 {[%emt 0:06:59]} 19. Qb1 {[%emt 0:01:04]} Be6 {[%emt 0:04:03]} 20. Qb2 {[%emt 0:02:43]} axb4 {[%emt 0:13:14]} 21. axb4 {[%emt 0:00:05]} Rec8 {[%emt 0:01:26]} 22. Ra1 {[%emt 0:04:34]} Nd7 {[%emt 0:00:57]} 23. b5 {[%emt 0:14:06]} c5 {[%emt 0:01:21]} 24. Rxa8 {[%emt 0:01:41]} Rxa8 {[%emt 0:00:05]} 25. dxc5 {[%emt 0:00:06]} Qxc5 {[%emt 0:01:33]} 26. Nd4 {[%emt 0:01:21]} Nb6 {[%emt 0:01:48]} 27. Ra1 {[%emt 0:02:28]} Rxa1+ {[%emt 0:05:34]} 28. Qxa1 {[%emt 0:00:04]} Bd7 {[%emt 0:06:25]} 29. h3 {[%emt 0:00:35]} Bc8 {[%emt 0:05:06]} 30. Qa7 {[%emt 0:12:35]} Qc7 {[%emt 0:00:18]} 31. Qa3 {[%emt 0:02:14]} Be6 {[%emt 0:01:25]} 32. Nce2 {[%emt 0:03:35]} Nc4 {[%emt 0:03:55]} 33. Qa8+ {[%emt 0:04:41]} Qc8 {[%emt 0:00:50]} 34. Qa7 {[%emt 0:02:12]} Kh7 {[%emt 0:00:18]} 35. Nf4 {[%emt 0:01:06]} Qd7 {[%emt 0:02:17]} 36. Qb8 {[%emt 0:03:40]} Nd6 {[%emt 0:00:53]} 37. Qf8 {[%emt 0:03:37]} g6 {[%emt 0:00:45]} 38. Ndxe6 {[%emt 0:04:13]} fxe6 {[%emt 0:00:04]} 39. Qf6 {[%emt 0:00:06]} Qf7 {[%emt 0:00:32]} 40. Qxf7+ {[%emt 0:00:00]} Nxf7 {[%emt 0:00:00]} 41. Nxe6 {[%emt 0:00:12]} Nd6 {[%emt 0:04:35]} 42. Nc7 {[%emt 0:02:41]} Kg7 {[%emt 0:00:39]} 43. Kf1 {[%emt 0:13:25]} Kf6 {[%emt 0:03:21]} 44. Nxd5+ {[%emt 0:00:26]} Ke5 {[%emt 0:00:10]} 45. Nc3 {[%emt 0:00:16]} g5 {[%emt 0:01:01]} 46. g4 {[%emt 0:05:05]} Nc4 {[%emt 0:01:20]} 47. Ke2 {[%emt 0:00:17]} Nb2 {[%emt 0:00:40]} 48. Kd2 {[%emt 0:04:38]} Nc4+ {[%emt 0:00:39]} 49. Kc2 {[%emt 0:00:11]} Nd6 {[%emt 0:02:30]} 50. Kd3 {[%emt 0:00:16]} Nc8 {[%emt 0:00:19]} 51. Kc4 {[%emt 0:03:55]} b6 {[%emt 0:02:33]} 52. f3 {[%emt 0:00:34]} Nd6+ {[%emt 0:00:10]} 53. Kd3 {[%emt 0:00:22]} Ne8 {[%emt 0:01:41]} 54. Na4 {[%emt 0:01:01]} Nd6 {[%emt 0:00:44]} 55. Nxb6 {[%emt 0:00:03]} Nxb5 {[%emt 0:00:02]} 56. Nc4+ {[%emt 0:00:07]} Kd5 {[%emt 0:00:05]} 57. f4 {[%emt 0:00:24]} gxf4 {[%emt 0:00:07]} 58. exf4 {[%emt 0:00:03]} Ke6 {[%emt 0:00:16]} 59. Ke3 {[%emt 0:04:07]} Kf6 {[%emt 0:00:37]} 60. Nd2 {[%emt 0:00:28]} Nc7 {[%emt 0:01:07]} 61. h4 {[%emt 0:02:26]} Nd5+ {[%emt 0:00:33]} 62. Kf3 {[%emt 0:00:07]} Kg6 {[%emt 0:00:28]} 63. Ne4 {[%emt 0:00:26]} Kf7 {[%emt 0:00:38]} 64. f5 {[%emt 0:01:21]} Kg7 {[%emt 0:00:12]} 65. g5 {[%emt 0:00:28]} hxg5 {[%emt 0:00:20]} 66. hxg5 {[%emt 0:00:03]} Nb4 {[%emt 0:00:11]} 67. Kg4 {[%emt 0:00:41]} Nd3 {[%emt 0:00:06]} 68. Nd6 {[%emt 0:01:46]} Ne5+ {[%emt 0:00:57]} 69. Kh5 {[%emt 0:00:07]} Nd7 {[%emt 0:00:09]} 70. Ne4 {[%emt 0:00:21]} Kh7 {[%emt 0:00:11]} 71. g6+ {[%emt 0:00:32]} Kh8 {[%emt 0:00:33]} 72. Kh6 {[%emt 0:00:45]} Nf6 {[%emt 0:00:30]} 73. g7+ {[%emt 0:00:06]} 1-0

[Event "RUS-chTW Premier 2019"]
[Site "Sochi"]
[Date "2019.05.05"]
[Round "5.14"]
[White "Markelova, Lubov"]
[Black "Dordzhieva, Dinara"]
[Result "0-1"]
[WhiteElo "2199"]
[BlackElo "2280"]
[Annotator "NA"]
[PlyCount "116"]
[EventDate "2019.05.01"]
[EventType "team-tourn"]
[EventCountry "RUS"]
[SourceTitle "playchess.com"]
[Source "ChessBase"]
[SourceQuality "1"]
[TimeControl "40/5400+30:1800+30"]

1. Nf3 {[%emt 0:00:00]} c5 {[%emt 0:00:00]} 2. c4 {[%emt 0:00:00]} g6 {[%emt 0:00:00]} 3. Nc3 {[%emt 0:00:48]} Bg7 {[%emt 0:00:00]} 4. g3 {[%emt 0:01:12]} Nc6 {[%emt 0:00:05]} 5. Bg2 {[%emt 0:00:12]} d6 {[%emt 0:00:06]} 6. O-O {[%emt 0:00:51]} e5 {[%emt 0:00:12]} 7. a3 {[%emt 0:01:36]} a5 {[%emt 0:00:15]} 8. Ne1 {[%emt 0:02:25]} Be6 {[%emt 0:00:18]} 9. d3 {[%emt 0:01:18]} Nge7 {[%emt 0:00:06]} 10. Nc2 {[%emt 0:04:23]} d5 {[%emt 0:00:12]} 11. cxd5 {[%emt 0:00:33]} Nxd5 {[%emt 0:00:08]} 12. Ne3 {[%emt 0:00:35]} Nde7 {[%emt 0:00:45]} 13. Ne4 {[%emt 0:04:18]} b6 {[%emt 0:03:18]} 14. Ng5 {[%emt 0:09:12]} Bd7 {[%emt 0:03:21]} 15. Qb3 {[%emt 0:07:04]} O-O {[%emt 0:00:53]} 16. Nc4 {[%emt 0:01:14]} h6 {[%emt 0:04:35]} 17. Ne4 {[%emt 0:01:51]} Rb8 {[%emt 0:02:40]} 18. Qd1 {[%emt 0:10:32]} Be6 {[%emt 0:07:39]} 19. a4 {[%emt 0:06:19]} f5 {[%emt 0:02:20]} 20. Nc3 {[%emt 0:00:38]} Kh7 {[%emt 0:06:24]} 21. Bd2 {[%emt 0:05:01]} Nd4 {[%emt 0:04:00]} 22. Nb5 {[%emt 0:07:38]} Ndc6 {[%emt 0:08:07]} 23. Rc1 {[%emt 0:05:03]} Nd5 {[%emt 0:00:20]} 24. Ne3 {[%emt 0:01:24]} Ndb4 {[%emt 0:03:53]} 25. Bc3 {[%emt 0:05:23]} Qd7 {[%emt 0:05:04]} 26. Nc4 {[%emt 0:04:17]} Rfd8 {[%emt 0:02:37]} 27. b3 {[%emt 0:08:59]} Qe7 {[%emt 0:08:55]} 28. Qd2 {[%emt 0:02:51]} e4 {[%emt 0:06:05]} 29. Bxg7 {[%emt 0:02:03]} Qxg7 {[%emt 0:00:20]} 30. Qe3 {[%emt 0:00:28]} Nd5 {[%emt 0:03:07]} 31. Qd2 {[%emt 0:00:39]} exd3 {[%emt 0:00:17]} 32. Qxd3 {[%emt 0:02:08]} Nc7 {[%emt 0:06:47]} 33. Nxc7 {[%emt 0:04:57]} Qxc7 {[%emt 0:05:54]} 34. Qc3 {[%emt 0:00:10]} Nb4 {[%emt 0:07:31]} 35. Rcd1 {[%emt 0:00:45]} Qg7 {[%emt 0:00:32]} 36. Qe3 {[%emt 0:00:35]} Re8 {[%emt 0:06:14]} 37. Qf4 {[%emt 0:00:30]} Nc2 {[%emt 0:00:10]} 38. e3 {[%emt 0:00:32]} Nb4 {[%emt 0:00:10]} 39. Nd6 {[%emt 0:00:33]} Red8 {[%emt 0:02:00]} 40. Nc4 {[%emt 0:00:00]} g5 {[%emt 0:00:00]} 41. Qf3 {[%emt 0:04:30]} Qf7 {[%emt 0:08:47]} 42. e4 {[%emt 0:14:47]} f4 {[%emt 0:03:36]} 43. Nd6 {[%emt 0:04:00]} Qf8 {[%emt 0:05:11]} 44. e5 {[%emt 0:00:24]} Kg7 {[%emt 0:00:36]} 45. h4 {[%emt 0:04:19]} fxg3 {[%emt 0:05:08]} 46. Qxg3 {[%emt 0:00:36]} Qf4 {[%emt 0:00:27]} 47. Qc3 {[%emt 0:03:15]} gxh4 {[%emt 0:00:43]} 48. Rfe1 {[%emt 0:00:57]} Rf8 {[%emt 0:00:39]} 49. Ne4 {[%emt 0:01:19]} Rbd8 {[%emt 0:01:50]} 50. Nf6 {[%emt 0:00:12]} Kh8 {[%emt 0:00:41]} 51. Rxd8 {[%emt 0:01:42]} Rxd8 {[%emt 0:00:05]} 52. Nh5 {[%emt 0:00:24]} Qg5 {[%emt 0:01:27]} 53. Qf3 {[%emt 0:00:35]} Nd5 {[%emt 0:06:46]} 54. Kf1 {[%emt 0:00:30]} Bg4 {[%emt 0:00:51]} 55. Qe4 {[%emt 0:00:31]} Bxh5 {[%emt 0:00:29]} 56. e6 {[%emt 0:00:11]} Ne7 {[%emt 0:00:23]} 57. f4 {[%emt 0:00:46]} Qf6 {[%emt 0:00:40]} 58. Bh3 {[%emt 0:00:28]} Rd4 {[%emt 0:00:34]} 0-1